Mathematical methods in chemical engineering (Record no. 25039)

000 -LEADER
fixed length control field 00548nam a22002051 4500
001 - CONTROL NUMBER
control field 25039
003 - CONTROL NUMBER IDENTIFIER
control field BD-DhUET
008 - FIXED-LENGTH DATA ELEMENTS--GENERAL INFORMATION
fixed length control field 730313s1963 xx 000 0 eng
040 ## - CATALOGING SOURCE
Original cataloging agency DLC
Transcribing agency OClU
Modifying agency BD-DhUET
082 ## - DEWEY DECIMAL CLASSIFICATION NUMBER
Classification number 660.28
Item number JEN/1963
100 ## - MAIN ENTRY--PERSONAL NAME
Personal name Jenson, V. G.
245 10 - TITLE STATEMENT
Title Mathematical methods in chemical engineering
250 ## - EDITION STATEMENT
Edition statement 1st ed.
260 ## - PUBLICATION, DISTRIBUTION, ETC. (IMPRINT)
Place of publication, distribution, etc. London
Name of publisher, distributor, etc. Academic Press
Date of publication, distribution, etc. 1963
300 ## - PHYSICAL DESCRIPTION
Extent xi, 556 p.
Other physical details illus.
Dimensions 24cm.
504 ## - BIBLIOGRAPHY, ETC. NOTE
Bibliography, etc Includes bibliographies
650 #0 - SUBJECT ADDED ENTRY--TOPICAL TERM
Topical term or geographic name as entry element Chemical engineering
700 ## - ADDED ENTRY--PERSONAL NAME
Personal name Jeffreys, G. V.
942 ## - ADDED ENTRY ELEMENTS (KOHA)
Koha item type General Book
Holdings
Koha normalized classification for sorting Price effective from Sublocation or collection (holding branch) Koha full call number Lost status Copy number Koha date last seen Shelving location Date acquired Withdrawn status Source of classification or shelving scheme Not for loan Location (home branch) Damaged status Koha item type Piece designation (barcode)
660_280000000000000_JEN_19632015-05-12Central Library, BUET660.28/JEN/1963 12015-05-12Circulation section2015-05-12   Central Library, BUET General Book22438
660_280000000000000_JEN_19632015-05-12Central Library, BUET660.28/JEN/1963 22015-05-12Circulation section2015-05-12   Central Library, BUET General Book22440
660_280000000000000_JEN_19632015-05-12Central Library, BUET660.28/JEN/1963 32015-05-12Circulation section2015-05-12   Central Library, BUET General Book22434
660_280000000000000_JEN_19632015-05-18Central Library, BUET660.28/JEN/1963 42015-05-18Circulation section2015-05-18   Central Library, BUET General Book22432
660_280000000000000_JEN_19632015-05-18Central Library, BUET660.28/JEN/1963 52015-05-18Circulation section2015-05-18   Central Library, BUET General Book22435
660_280000000000000_JEN_19632015-05-18Central Library, BUET660.28/JEN/1963 62015-05-18Circulation section2015-05-18   Central Library, BUET General Book29450
660_280000000000000_JEN_19632015-05-18Central Library, BUET660.28/JEN/1963 72015-05-18Circulation section2015-05-18   Central Library, BUET General Book29449
660_280000000000000_JEN_19632015-05-18Central Library, BUET660.28/JEN/1963 82015-05-18Circulation section2015-05-18   Central Library, BUET General Book29448
660_280000000000000_JEN_19632015-05-18Central Library, BUET660.28/JEN/1963 92015-05-18Circulation section2015-05-18   Central Library, BUET General Book29457
660_280000000000000_JEN_19632015-05-18Central Library, BUET660.28/JEN/1963 102015-05-18Circulation section2015-05-18   Central Library, BUET General Book29454
660_280000000000000_JEN_19632015-05-18Central Library, BUET660.28/JEN/1963 112015-05-18Circulation section2015-05-18   Central Library, BUET General Book29453
660_280000000000000_JEN_19632015-05-18Central Library, BUET660.28/JEN/1963 122015-05-18Circulation section2015-05-18   Central Library, BUET General Book29451
660_280000000000000_JEN_19632015-05-18Central Library, BUET660.28/JEN/1963 132015-05-18Circulation section2015-05-18   Central Library, BUET General Book22431
660_280000000000000_JEN_19632015-05-18Central Library, BUET660.28/JEN/1963 142015-05-18Circulation section2015-05-18   Central Library, BUET General Book29452
660_280000000000000_JEN_19632015-05-18Central Library, BUET660.28/JEN/1963 152015-05-18Circulation section2015-05-18   Central Library, BUET General Book22436
660_280000000000000_JEN_19632015-06-17Central Library, BUET660.28/JEN/1963 162015-06-17Reading section2015-06-17   Central Library, BUET Reading Item29456
660_280000000000000_JEN_19632015-06-18Central Library, BUET660.28/JEN/1963 172015-06-18Reading section2015-06-18   Central Library, BUET Reading Item29455.
660_280000000000000_JEN_19632015-07-10Central Library, BUET660.28/JEN/1963 182015-07-10Reading section2015-07-10   Central Library, BUET Reading Item22439